| 000 | 01647 a2200421 4500 | ||
|---|---|---|---|
| 020 | _a0619019298 | ||
| 020 | _a9780619019297 | ||
| 082 | 0 | 4 | _a658.8'4 |
| 090 |
_c298 _d298 |
||
| 100 | 1 | _aSandeep Krishnamurthy. | |
| 245 | 1 | 0 |
_a E-commerce Management. _cText and Cases _bSandeep Krishnamurthy. |
| 250 | _a1st ed. | ||
| 260 |
_aAustralia _bThomson _c2000. |
||
| 300 |
_a328 p. ; _c28 cm. |
||
| 500 | _aPaperback. | ||
| 520 | _aPart of the New Perspectives Series, this text provides an excellent introduction to e-commerce. Using a case-based approach, students learn the fundamentals of e-commerce through real-life business scenarios. | ||
| 650 | 4 | _aComputer Books: General. | |
| 650 | 4 | _aComputer Books: Internet General. | |
| 650 | 4 | _aManagement & Business: General. | |
| 650 | 4 | _aDistributive industries. | |
| 650 | 4 | _aE-commerce: business aspects. | |
| 650 | 4 | _aInternet. | |
| 650 | 4 | _aInternet guides & online services. | |
| 650 | 4 | _aTextbooks. | |
| 650 | 4 | _aComputers. | |
| 650 | 4 | _aBUSINESS & ECONOMICS / E-Commerce / General (see also COMPUTERS / Electronic Commerce) | |
| 650 | 4 | _aComputers / Internet / General. | |
| 650 | 4 | _aComputers / Networking / General. | |
| 650 | 4 | _aE-Commerce - General. | |
| 650 | 4 | _aInternet - General. | |
| 650 | 4 | _aNetworking - General. | |
| 650 | 4 | _aElectronic commerce. | |
| 650 | 4 | _aProblems, exercises, etc. | |
| 700 | 1 | _aSchneider, Gary P. | |
| 856 | 4 | 0 |
_3Amazon.com _uhttp://www.amazon.com/exec/obidos/ASIN/0619019298/chopaconline-20 |
| 856 | 4 | 0 |
_3Amazon customer reviews _uhttp://www.chopac.org/cgi-bin/tools/azrev.pl?q=0619019298 |
| 942 |
_aNBS _cBK _k658.84 KRI |
||
| 999 |
_c342867 _d342867 |
||